| 000 | 00631nam a2200205 a 4500 | ||
|---|---|---|---|
| 001 | 000139911 | ||
| 003 | AM-YEHGA | ||
| 005 | 20250617122904.0 | ||
| 008 | 980916s1984 ru ||||gr|||||||||0|rus|d | ||
| 040 | _aAM-YeHGA | ||
| 041 | 0 | _arus | |
| 100 | 1 | _aСмирнова, Муза Николаевна | |
| 245 | 1 | 0 |
_aОсновы геологии СССР : _bУчебное пособие / _cМ.Н. Смирнова. |
| 250 | _a3-е изд., перераб. и доп. | ||
| 260 |
_aМосква : _bВысш. шк, _c1984. |
||
| 300 | _a384 с. | ||
| 650 | 1 | 4 | _aГеология - СССР |
| 942 |
_2udc _cBK |
||
| 090 | _c47708 | ||
| 999 |
_c46953 _d46953 |
||